Drafting room methods, standards and forms : a reference book for engineering offices and draftsmen /

Bibliographic Details
Main Author: Collins, Charles Dickey, 1872-
Format: Book
Language:English
Published: New York : D. Van Nostrand company, 1918.
Subjects:

MARC

Tag First Indicator Second Indicator Subfields
LEADER 00000cam a2200000 4500
001 in00000021424
005 20151007062316.0
008 761222s1918 nyuak 00010 eng
010 |a  19001504  
035 |a (OCoLC)02641775 
035 |9 AAD4518AM 
040 |a DLC  |c OHI  |d TXA  |d UtOrBLW 
049 |a TXAM  |c [22611] 
050 0 |a T352  |b .C6 
092 |a 744  |b C71d 
100 1 |a Collins, Charles Dickey,  |d 1872- 
245 1 0 |a Drafting room methods, standards and forms :  |b a reference book for engineering offices and draftsmen /  |c by Charles D. Collins ... 
264 1 |a New York :  |b D. Van Nostrand company,  |c 1918. 
300 |a 149 pages :  |b illustrations (including forms) ;  |c 22 cm. 
336 |a text  |b txt  |2 rdacontent 
337 |a unmediated  |b n  |2 rdamedia 
338 |a volume  |b nc  |2 rdacarrier 
650 0 |a Drawing-room practice. 
650 0 |a Mechanical drawing. 
999 |a MARS 
999 f f |s e20cac2a-9b5f-3334-a1d9-474dc96bd6a9  |i af59f3c9-8b2d-3901-9858-14fac2ed8f42  |t 0 
952 f f |p ric  |a Texas A&M University  |b Rellis Campus  |c Joint Library Facility  |d Remote Storage  |t 0  |e T352 .C6  |h Library of Congress classification  |i unmediated -- volume  |m A14801149618 
998 f f |a T352 .C6  |t 0  |l Remote Storage